The Marxist theory of the state / (Record no. 110338)

MARC details
000 -LEADER
campo de control de longitud fija 00725cam a2200253Ia 4500
001 - NÚMERO DE CONTROL
campo de control 43544
005 - FECHA Y HORA DE LA ÚLTIMA TRANSACCIÓN
campo de control 20230411085957.0
008 - DATOS DE LONGITUD FIJA--INFORMACIÓN GENERAL
campo de control de longitud fija 810216s1969 nyuc 000 0 eng d
035 ## - NÚMERO DE CONTROL DEL SISTEMA
Número de control de sistema (OCoLC)ocm07128668
040 ## - FUENTE DE CATALOGACIÓN
Centro catalogador/agencia de origen IBS
Centro/agencia transcriptor IBS
Centro/agencia modificador OCL
035 ## - NÚMERO DE CONTROL DEL SISTEMA
Número de control de sistema (OCoLC)7128668
041 1# - CÓDIGO DE IDIOMA
Código de lengua del texto/banda sonora o título independiente eng
Código de lengua original fre
090 ## - LOCALMENTE ASIGNADO TIPO-LC NÚMERO DE CLASIFICACIÓN (OCLC); NÚMERO DE CLASIFICACIÓN LOCAL (RLIN)
Número de clasificación (OCLC) (R) ; Numero de clasificación, CALL (RLIN) (NR) JC474
Número cutter local (OCLC) ; Número de libro/Signatura topográfica íntegra, CALL (RLIN) .R3 M271 m1969
049 ## - FONDOS LOCALES (OCLC)
Biblioteca depositaria GRAL
100 1# - ENTRADA PRINCIPAL--NOMBRE DE PERSONA
Nombre de persona Mandel, Ernest,
Fechas asociadas al nombre 1923-1995.
245 14 - MENCIÓN DEL TÍTULO
Título The Marxist theory of the state /
Mención de responsabilidad, etc. Ernest Mandel.
260 ## - PUBLICACIÓN, DISTRIBUCIÓN, ETC.
Lugar de publicación, distribución, etc. New York :
Nombre del editor, distribuidor, etc. Merit Publishers,
Fecha de publicación, distribución, etc. c1969.
300 ## - DESCRIPCIÓN FÍSICA
Extensión 31 p. :
Otras características físicas port. ;
Dimensiones 22 cm.
500 ## - NOTA GENERAL
Nota general "Translated from the French by Ruth Porter."--Verso of t.p.
650 #0 - PUNTO DE ACCESO ADICIONAL DE MATERIA--TÉRMINO DE MATERIA
Término de materia o nombre geográfico como elemento de entrada Communist state.
942 ## - ELEMENTOS DE ENTRADA SECUNDARIOS (KOHA)
Fuente del sistema de clasificación o colocación Clasificación de Library of Congress
Tipo de ítem Koha
946 ## - PROCESAMIENTO DE INFORMACIÓN LOCAL (OCLC)
a clperez
994 ## -
-- C0
-- DRFGD
Holdings
Estatus retirado Estado de pérdida Fuente del sistema de clasificación o colocación Estado de daño No para préstamo Colección Biblioteca de origen Biblioteca actual Ubicación en estantería Fecha de adquisición Código de barras Visto por última vez Copia número Tipo de ítem Koha
    Clasificación de Library of Congress     Automatización y Procesos Técnicos Biblioteca Juan Bosch Biblioteca Juan Bosch Automatización y Procesos Técnicos (1er. Piso) 11/04/2023 00000044529 17/02/2019 1